Paroles - Jean-Jacques Goldman - La vie par procuration - Statistiques

Statistiques générales
  • Ce quiz a été pris 1 852 fois
  • Le résultat moyen est 271 sur 348
Statistiques - réponses
Paroles % Correct
Elle
99%
vie
99%
a
98%
à
98%
de
98%
De
98%
par
98%
procuration
98%
sa
98%
son
98%
le
97%
Le
97%
les
97%
Les
97%
vit
97%
pigeons
96%
pigeons...
96%
balcon
95%
poste
95%
Pour
95%
sur
95%
Sur
95%
télévision
95%
Devant
94%
du
94%
moineaux,
94%
moineaux
94%
pain
94%
attirer
93%
La
93%
la
93%
met
93%
vieux
93%
se
91%
des
87%
Des
87%
qui
86%
Qui
86%
ça
84%
En
84%
en
84%
autres
82%
mais
81%
Mais
81%
et
80%
Et
80%
pas
79%
dans
78%
ne
78%
Ne
78%
scandale
78%
normal
77%
trouver
77%
presse
76%
finira
75%
sans
75%
Sans
75%
banal
74%
jour
74%
Que
73%
s'étale
72%
apprend
69%
moins
69%
pire
69%
va,
69%
66%
ou
66%
passe
66%
ces
65%
est
63%
si
63%
Si
63%
Avec
62%
journée
62%
finalement
61%
finalement,
61%
personne
61%
faire
60%
Qu'elle
60%
Y
59%
après
57%
Comme
57%
soleil
57%
tous
57%
aimer
56%
fait
56%
Repas
56%
réveil
56%
toujours
56%
bien
55%
maison
55%
poussière
55%
touche
55%
années
54%
ont
54%
ont
54%
peau
54%
suspecte
54%
angoisse
53%
C'est
53%
endroits
52%
mois,
52%
nette
52%
temps
52%
change
51%
l'amour
51%
Levée
51%
loin
51%
leur
50%
repère
50%
Tout
50%
tout
50%
douce
49%
font
49%
territoire
49%
bruit
48%
gagné
47%
Perdu
47%
Ses
47%
ses
47%
choses
46%
solitaires
46%
bagarre
45%
crèmes
44%
Ni
44%
ni
44%
points
44%
Repasser,
44%
nous
41%
bains
40%
ombres,
40%
fonctionne
39%
êtres
38%
froid
38%
cédé
37%
L'oubli
37%
photos
37%
automne
36%
D'hiver
35%
fièvre,
35%
rêves
35%
vivants
35%
banales
34%
dix
34%
lumière
34%
pages
33%
pourquoi
33%
vingt
33%
but
32%
désirs
32%
casse
31%
inadmissible
31%
l'ont
31%
fanent
30%
sages
30%
mystère
28%
D'années
27%
Bilan
26%
cri,
26%
possibles
25%
délire
22%
Aucun quiz correspondant
Distribution des résultats
% des personnes avec chaque résultat
Percentile par nombre de réponses
Votre historique - résultats
Vous n’avez pas pris ce quiz